Biblioteca

Educación en valores y responsabilidad cívica (Registro nro. 66240)

Detalles MARC
000 -LÍDER
Campo fijo de descripción fija 02465nam a22003377i 4500
001 - NÚMERO DE CONTROL
Campo de control 768714001
003 - IDENTIFICADOR DEL NÚMERO DE CONTROL
Campo de control CO-MdFUSB
005 - FECHA Y HORA DE LA ULTIMA TRANSACCIÓN
control field 20210927142511.0
007 - CAMPO FIJO DE DESCRIPCIÓN FIJA--INFORMACIÓN GENERAL
Campo fijo de descripción fija ta
008 - ELEMENTOS DE LONGITUD FIJA -- INFORMACIÓN GENERAL
Campo fijo de descripción fija -- Información general 200623t2002 ck |||| |||| 00| 0 spa d
020 ## - NÚMERO INTERNACIONAL NORMALIZADO PARA LIBROS
Número Internacional Normalizado del libro 9589482341
040 ## - FUENTE DE CATALOGACIÓN
Agencia de catalogación original CO-MdFUSB
Idioma de catalogación spa
Agencia que realiza la transcripción CO-MdFUSB
Agencia que realiza la modificación CO-MdFUSBC
Convenciones de la descripción rda
041 ## - CÓDIGO DE IDIOMA
Código de idioma para texto/pista de sonido o título separado spa
082 ## - NÚMERO DE CLASIFICACIÓN DECIMAL DEWEY
Número de la edición del Dewey 23
Número de clasificación 370.115
Clave de autor-Numero de item C829
100 ## - ASIENTO PRINCIPAL--NOMBRE PERSONAL
Nombre personal Cortina, Adela.
Término relacionador autor
245 ## - TÍTULO
Título del Material Educación en valores y responsabilidad cívica
Mención de responsabilidad, etc. / Adela Cortina
264 #1 - PRODUCCIÓN, PUBLICACIÓN, DISTRIBUCIÓN, MANUFACTURA, Y COPYRIGHT
Lugar de producción, publicación, distribución, manufactura Bogotá, Colombia :
Nombre del productor, publicador, distribuidor El Búho,
Fecha de producción, publicación, distribución, manufactura, o copyright [2002]
264 #4 - PRODUCCIÓN, PUBLICACIÓN, DISTRIBUCIÓN, MANUFACTURA, Y COPYRIGHT
Fecha de producción, publicación, distribución, manufactura, o copyright ©2002
300 ## - DESCRIPCIÓN FÍSICA
Dimensiones 152 páginas ;
Extensión 22 cm
336 ## - TIPO DE CONTENIDO
Fuente rdacontent
Término de tipo de contenido texto
Código de tipo de contenido txt
337 ## - TIPO DE MEDIO
Fuente rdamedia
Nombre del tipo de medio sin mediación
Código del tipo de medio n
338 ## - TIPO DE SOPORTE
Fuente rdacarrier
Nombre del tipo de soporte volumen
Código Tipo de soporte nc
505 ## - NOTA DE CONTENIDO
Nota de contenido con formato preestablecido A modo de introducción: el catador de valores -- Educación y sociedad -- Republicanismo moral -- La sociedad del conocimiento -- Una vida de calidad -- El sentido de la justicia y el sentido de la gratitud -- El vigor de los valores morales para la convivencia -- Ética y sociedad. Entre los mínimos de justicia y los máximos de felicidad -- La revitalización de la filosofía práctica --El pluralismo moral, en serio -- Mínimos de justicia y máximos de felicidad -- Ética pública de mínimos y éticas públicas de máximos -- Cooperación entre la ética cívica y las éticas de máximos -- La educación del hombre y del ciudadano -- Filósofos kantianos, constituciones rawisiana, pueblo hobbesiano -- Las raíces antropológicas de la moral: la protomoral -- 'Qué entendemos por "moral" cuando queremos educar en ella? -- Ética y política: moral cívica para una ciudadanía cosmopolita -- Tres décadas de filosofía práctica -- Ciudadanía cosmopolita -- Una base existente: la moral cívica -- Cuatro modelos de fundamentación ética -- Asumir responsabilidades globales: de los derechos a las responsabilidades, del contrato al reconocimiento -- De los derechos a las responsabilidades -- Propuesta para una sociedad global justa -- La responsabilidad de los filósofos: dar razón de la responsabilidad -- La tradición dialógica: el principio corresponsabilidad -- Nada de lo humano puede resultarme ajeno -- Tres breves palabras -- Aporofobia -- Contra pereza, diligencia -- Resolver los conflictos, hacer la justicia.
563 ## - NOTA DE ENCUADERNACIÓN
Nota de encuadernación Rústico
650 #7 - ASIENTO SECUNDARIO DE MATERIA - TERMINO TEMÁTICO
Término temático o nombre geográfico como elemento de entrada Ética social.
9 (RLIN) 186
650 #0 - ASIENTO SECUNDARIO DE MATERIA - TERMINO TEMÁTICO
Término temático o nombre geográfico como elemento de entrada Educación
9 (RLIN) 984
650 #0 - ASIENTO SECUNDARIO DE MATERIA - TERMINO TEMÁTICO
Término temático o nombre geográfico como elemento de entrada Civismo
9 (RLIN) 1720
653 ## - TÉRMINO DE INDIZACIÓN - NO CONTROLADO
Término no controlado Educación en valores.
942 ## - TIPO DE MATERIAL (KOHA)
Tipo de Item KOHA Libros General
945 ## - INFORMACIÓN LOCAL DEL REGISTRO
Catalogador Dani
Existencias
Estado de Material Estado de Perdido Forma de Clasificación Estado de Dañado No para Préstamo Colección Biblioteca de Origen Biblioteca Permanente Fecha de Adquisición Área Total de Préstamos Total de Renovaciones Signatura Topográfica Código de Barras Última vez visto Última vez Préstado Ejemplar/Existencia Fecha de Remplazo Tipo de Material
    Dewey Decimal Classification     Colección General Biblioteca FUSBC Biblioteca FUSBC 23/06/2020 FILOSOFIA 1 1 G 370.115 C829e 9531 22/06/2023 31/05/2023 Ej.1 23/06/2020 Libros General

Biblioteca FUSBC | Teléfono: (57+4) 349 88 10 Ext. 141| WhatsApp (+57) 3005338115 
E-mail: biblioteca@unisbc.edu.co | Calle 76 87-14 Robledo Palenque, Medellín, Colombia

Con tecnología Koha